नरभक्षी / (Record no. 116835)

MARC details
000 -LEADER
fixed length control field 01277nam a22002777a 4500
005 - DATE AND TIME OF LATEST TRANSACTION
control field 20210316144358.0
010 ## - LCCN (DPL NO)
LC control number B-145046 B-145068, B-145066
020 ## - INTERNATIONAL STANDARD BOOK NUMBER
Terms of availability 200.00
International Standard Book Number 8179320324
035 ## - SYSTEM CONTROL NUMBER
System control number B-145046 B-145068,B-145066
035 ## - SYSTEM CONTROL NUMBER
System control number B-145058, B-145073
037 ## - SOURCE OF ACQUISITION
Source of stock number/acquisition Cen Lib/Ret
082 ## - DEWEY DECIMAL CLASSIFICATION NUMBER
Classification number
Item number नाराय
100 ## - MAIN ENTRY--PERSONAL NAME
Personal name नारायण, आर.के.
245 ## - TITLE STATEMENT
Title नरभक्षी /
Statement of responsibility, etc आर.के.नारायण; अनुवादक रमा तिवारी
246 ## - VARYING FORM OF TITLE
Title proper/short title Narbhakshi /
Remainder of title by R.K.Narayan; anuvadak Rama Tiwari
260 ## - PUBLICATION, DISTRIBUTION, ETC. (IMPRINT)
Place of publication, distribution, etc जयपुर
Name of publisher, distributor, etc साहित्य चन्द्रिका प्रकाशन
Date of publication, distribution, etc 2004
270 ## - ADDRESS
Address 24, पिंकसिटी मार्केट, सिद्देश्वर मन्दिर के पीछे, पंचवटी, राजापार्क
City जयपुर
300 ## - PHYSICAL DESCRIPTION
Extent 198पृ.
Dimensions 21सेमी(सजिल्द)
650 ## - SUBJECT ADDED ENTRY--TOPICAL TERM
Topical term or geographic name as entry element हिन्दी साहित्य
650 ## - SUBJECT ADDED ENTRY--TOPICAL TERM
Topical term or geographic name as entry element हिन्दी -- उपन्यास
650 ## - SUBJECT ADDED ENTRY--TOPICAL TERM
Topical term or geographic name as entry element Hindi literature
650 ## - SUBJECT ADDED ENTRY--TOPICAL TERM
Topical term or geographic name as entry element Hindi -- novel
700 ## - ADDED ENTRY--PERSONAL NAME
Personal name तिवारी, रमा
9 (RLIN) 68550
942 ## - ADDED ENTRY ELEMENTS (KOHA)
Source of classification or shelving scheme Dewey Decimal Classification
Item type Hindi Books
Classification part
Call number suffix नाराय
Holdings
Withdrawn status Lost status Not for loan Home library Current library Date acquired Source of acquisition Cost, normal purchase price Full call number Barcode Copy number Cost, replacement price Koha item type Collection code
      Central Library Central Library 25/08/2015 Cen Lib/Ret 200.00 उ नाराय B-145046 1 200.00 Hindi Books  
      Qila Rai Pithora Qila Rai Pithora 19/12/2018 साहित्य चंद्रिका प्रकाशन 200.00 उ नाराय B-145058   200.00 Hindi Books Fiction
      R.C.Libraries (BL-IV) R.C.Libraries (BL-IV) 16/03/2021 BPPD/PUB 200.00 उ नाराय B-145073   200.00 Hindi Books Fiction
      R.C.Libraries (zls) R.C.Libraries (zls) 02/11/2018   200.00 उ नाराय B-145068   200.00 Hindi Books Fiction
      R.C.Libraries (zls) R.C.Libraries (zls) 08/12/2018   200.00 उ नाराय B-145066 1. 200.00 Hindi Books Fiction
      Sarojini Nagar Sarojini Nagar 10/08/2018     उ नाराय B-145067     Hindi Books Fiction

© Delhi Public Library
Hit Counter
free hit counter